00337nam a2200133Ia 4500008004100000020001600041041001200057082001600069100001500085245006200100260002500162300000800187650000800195221030s9999 xx 000 0 und d a00709966784 aEnglish a105.23bZba aP. B. Zbar 0aIndustrial Electronics : A Text Lab Manualcby P. B. Zbar bTMHaNew Delhic2004 a278 aECE